000 00325nam a22001457a 4500
008 210302b ||||| |||| 00| 0 eng d
020 _a9780632008773
041 _aeng
080 _a617
082 _a617
100 _a6
101 _aANE
245 _aPractical Regional Anaesthesia
_cHenderson, J. J
942 _2udc
_cBK
999 _c55504
_d55504